000 00299nam a22001337a 4500
008 231025b ||||| |||| 00| 0 eng d
020 _a9780192891754
041 _aeng
080 _a101
100 _a101RID
101 _aFILOZ
245 _aTHE PROBLEMS OF EVOLUTION
_cRIDLEY.M
942 _2udc
_cBK
999 _c60466
_d60466